[Event "Titled Tuesday intern op 12th Mar Late"]
[Site "Chess.com INT"]
[Date "2024.03.12"]
[Round "11"]
[White "Da Silva, Erick Feitosa"]
[Black "Kovacevic, Radmila"]
[Result "1-0"]
[WhiteElo "2061"]
[BlackElo "2042"]
[PlyCount "111"]
[EventDate "2024.03.12"]
[EventType "swiss (blitz)"]
[EventRounds "11"]
[EventCountry "USA"]
[SourceTitle "CB12_2024"]
[SourceDate "2023.10.01"]
[SourceVersion "1"]
[SourceVersionDate "2023.10.01"]
[SourceQuality "1"]

1. c4 c5 2. Nc3 Nc6 3. Nf3 e5 4. e3 f5 5. d4 e4 6. d5 exf3 7. dxc6 fxg2 8. cxd7+ Qxd7 9. Bxg2 Qxd1+ 10. Kxd1 Nf6 11. Nb5 Kf7 12. Kc2 a6 13. Nc7 Rb8 14. Nd5 b5 15. b3 Ne4 16. f3 Nd6 17. cxb5 axb5 18. e4 b4 19. Bb2 Nb5 20. Rhd1 Be6 21. Nf4 Bc8 22. Nd5 Rg8 23. Bh3 fxe4 24. Bxc8 Rxc8 25. fxe4 c4 26. Rf1+ Ke8 27. bxc4 Rxc4+ 28. Kd3 Rc6 29. Rf5 Rh6 30. Ne3 Nc3 31. Re5+ Kd7 32. Bxc3 bxc3 33. Kxc3 Rc6+ 34. Kb3 Bd6 35. Rb5 Ra8 36. a4 Rf8 37. Rd1 Rf3 38. Rd3 Kc7 39. Rbd5 Rb6+ 40. Kc2 Rf2+ 41. Rd2 Rxd2+ 42. Rxd2 Bf4 43. Nd5+ Kb7 44. Nxb6 Bxd2 45. Kxd2 Kxb6 46. e5 Kc5 47. a5 Kd5 48. a6 Kc6 49. e6 Kb6 50. e7 Kxa6 51. e8Q Kb6 52. Qf7 g5 53. Qxh7 Kc5 54. Qg6 Kd4 55. Qxg5 Kc4 56. Qe5 1-0

[Event "Titled Tuesday intern op 12th Mar Late"]
[Site "Chess.com INT"]
[Date "2024.03.12"]
[Round "8"]
[White "Kovacevic, Radmila"]
[Black "Horak, Martin"]
[Result "1-0"]
[WhiteElo "2042"]
[BlackElo "2333"]
[PlyCount "51"]
[EventDate "2024.03.12"]
[EventType "swiss (blitz)"]
[EventRounds "11"]
[EventCountry "USA"]
[SourceTitle "CB12_2024"]
[SourceDate "2023.10.01"]
[SourceVersion "1"]
[SourceVersionDate "2023.10.01"]
[SourceQuality "1"]

1. d4 d5 2. c4 e6 3. Nc3 Nf6 4. Nf3 Nbd7 5. g3 Bb4 6. Bg2 0-0 7. 0-0 dxc4 8. Qa4 a5 9. a3 Bxc3 10. bxc3 Nb6 11. Qc2 Bd7 12. e4 Ba4 13. Qe2 Bb3 14. Bg5 h6 15. Bh4 Na4 16. Rfc1 Qd7 17. Ne5 Qb5 18. Bxf6 gxf6 19. Qg4+ Kh7 20. Nf3 Nb2 21. Qh4 Nd3 22. Rcb1 Kg7 23. a4 Qd7 24. e5 Qe7 25. Nd2 Bc2 26. Rxb7 1-0

[Event "Titled Tuesday intern op 06th Feb Early"]
[Site "Chess.com INT"]
[Date "2024.02.06"]
[Round "7"]
[White "Eynullayev, Atilla Elshan"]
[Black "Kovacevic, Radmila"]
[Result "1-0"]
[WhiteElo "2265"]
[BlackElo "2064"]
[PlyCount "191"]
[EventDate "2024.02.06"]
[EventType "swiss (blitz)"]
[EventRounds "11"]
[EventCountry "USA"]
[SourceTitle "CB07_2024"]
[SourceDate "2024.02.14"]
[SourceVersion "1"]
[SourceVersionDate "2024.02.14"]
[SourceQuality "1"]

1. d4 e5 2. dxe5 Nc6 3. Nf3 Qe7 4. g3 Nxe5 5. Nxe5 Qxe5 6. Bg2 c6 7. 0-0 d5 8. Nc3 h5 9. e4 d4 10. Bf4 Qc5 11. Ne2 g5 12. b4 Qxb4 13. Be5 f6 14. Bxd4 Bg4 15. c3 Qc4 16. f3 Be6 17. Rb1 b6 18. Rf2 Rd8 19. Bf1 c5 20. Nc1 Qxc3 21. Qa4+ Bd7 22. Qxd7+ Rxd7 23. Bxc3 Rd1 24. Rd2 Rxd2 25. Bxd2 h4 26. Bb5+ Kf7 27. Bc3 Bd6 28. Ne2 hxg3 29. hxg3 Kg7 30. Rd1 Bb8 31. Rd7+ Kg6 32. Rb7 Nh6 33. e5 fxe5 34. Bd3+ Kf6 35. f4 gxf4 36. gxf4 Rg8+ 37. Kf1 Ng4 38. Ng3 Rd8 39. Ke2 Ke6 40. Bf5+ Kd5 41. Bxg4 exf4 42. Nf5 Kc4 43. Bd2 b5 44. Bh5 Kd5 45. Nh4 Rh8 46. Bf7+ Kc6 47. Rxb8 Rxb8 48. Bxf4 Rf8 49. Ng6 Rxf7 50. Ne5+ Kd5 51. Nxf7 Kc4 52. Kd2 Kb4 53. Kc2 a5 54. Kb2 c4 55. Bd6+ Ka4 56. Ne5 c3+ 57. Kxc3 b4+ 58. Kb2 Kb5 59. Bf8 a4 60. Nd3 b3 61. a3 Kc4 62. Nc5 Kb5 63. Ne4 Kc4 64. Nc3 Kd4 65. Nxa4 Kd5 66. Kxb3 Kc6 67. Nc5 Kb6 68. a4 Ka5 69. Nb7+ Ka6 70. Nd6 Ka5 71. Nc4+ Ka6 72. Kb4 Ka7 73. a5 Kb7 74. Kb5 Ka7 75. a6 Kb8 76. Bd6+ Ka8 77. Nb6+ Ka7 78. Nc8+ Ka8 79. Bb4 Kb8 80. Nd6 Ka8 81. Nc8 Kb8 82. Nb6 Ka7 83. Bc5 Kb8 84. Nd7+ Ka8 85. Ne5 Kb8 86. Kc6 Ka8 87. Nc4 Kb8 88. Kb6 Ka8 89. Nd6 Kb8 90. Nb5 Ka8 91. Nc7+ Kb8 92. a7+ Kc8 93. a8Q+ Kd7 94. Qd5+ Kc8 95. Ne6 Kb8 96. Qd8# 1-0

[Event "Titled Tuesday intern op 06th Feb Early"]
[Site "Chess.com INT"]
[Date "2024.02.06"]
[Round "10"]
[White "Gomez Falagan, Daniel"]
[Black "Kovacevic, Radmila"]
[Result "1-0"]
[WhiteElo "2298"]
[BlackElo "2064"]
[PlyCount "77"]
[EventDate "2024.02.06"]
[EventType "swiss (blitz)"]
[EventRounds "11"]
[EventCountry "USA"]
[SourceTitle "CB07_2024"]
[SourceDate "2024.02.14"]
[SourceVersion "1"]
[SourceVersionDate "2024.02.14"]
[SourceQuality "1"]

1. Nf3 e5 2. Nxe5 Nc6 3. Nxc6 dxc6 4. d4 Bd6 5. e4 f5 6. e5 Be7 7. Bc4 g6 8. 0-0 b5 9. Bb3 a5 10. a4 b4 11. Be3 Ba6 12. Re1 Bg5 13. Qf3 Bxe3 14. Qxc6+ Kf8 15. fxe3 Qe8 16. Qxc7 Ne7 17. Nd2 Kg7 18. Nf3 h6 19. d5 Rc8 20. Qxa5 Bb7 21. Qxb4 Bxd5 22. Bxd5 Nxd5 23. Qd4 Rd8 24. c4 Nb4 25. Qc3 Qe7 26. e6+ Kh7 27. e4 Rd3 28. Qe5 Nc2 29. exf5 Nxa1 30. fxg6+ Kg8 31. Rxa1 Qd6 32. Qf6 Rd1+ 33. Rxd1 Qxd1+ 34. Kf2 Qc2+ 35. Kg3 Rh7 36. gxh7+ Kxh7 37. Qf7+ Kh8 38. e7 Qe2 39. e8Q+ 1-0

[Event "Titled Tuesday intern op 16th Jan Late"]
[Site "Chess.com INT"]
[Date "2024.01.16"]
[Round "5"]
[White "Baziuk, Vladyslav"]
[Black "Kovacevic, Radmila"]
[Result "1-0"]
[WhiteElo "2211"]
[BlackElo "2064"]
[PlyCount "57"]
[EventDate "2024.01.16"]
[EventType "swiss (blitz)"]
[EventRounds "11"]
[EventCountry "USA"]
[SourceTitle "CB04_2024"]
[SourceDate "2023.10.16"]
[SourceVersion "1"]
[SourceVersionDate "2023.10.16"]
[SourceQuality "1"]

1. e4 e5 2. Nf3 d5 3. exd5 e4 4. Qe2 Nf6 5. d3 Qxd5 6. Nbd2 Be7 7. dxe4 Qd8 8. g3 0-0 9. Bg2 Nc6 10. c3 Re8 11. 0-0 Bc5 12. Qc4 Qe7 13. h3 Be6 14. Qa4 Bd7 15. Qc4 Qd6 16. Nb3 Nxe4 17. Bf4 Qf8 18. Rae1 b5 19. Qd5 Nxf2 20. Nxc5 Nxh3+ 21. Kh2 Nxf4 22. gxf4 Rxe1 23. Rxe1 Be8 24. Ne5 Nxe5 25. Qxa8 Ng4+ 26. Kg3 Nf6 27. Ne4 Nh5+ 28. Kf2 Qe7 29. Nf6+ 1-0

[Event "Titled Tuesday intern op 16th Jan Late"]
[Site "Chess.com INT"]
[Date "2024.01.16"]
[Round "9"]
[White "Kovacevic, Radmila"]
[Black "Cordoba Roa, Angel Gabriel"]
[Result "0-1"]
[WhiteElo "2064"]
[BlackElo "2312"]
[PlyCount "126"]
[EventDate "2024.01.16"]
[EventType "swiss (blitz)"]
[EventRounds "11"]
[EventCountry "USA"]
[SourceTitle "CB04_2024"]
[SourceDate "2023.10.16"]
[SourceVersion "1"]
[SourceVersionDate "2023.10.16"]
[SourceQuality "1"]

1. e4 e5 2. d4 exd4 3. Qxd4 Nc6 4. Qe3 Nge7 5. c4 Ng6 6. Bd2 Bb4 7. Bxb4 Nxb4 8. Qc3 Qe7 9. Nd2 0-0 10. a3 Nc6 11. 0-0-0 d6 12. g3 f5 13. exf5 Bxf5 14. f4 Rae8 15. Bg2 Qe3 16. Bd5+ Kh8 17. Ngf3 Qxc3+ 18. bxc3 Nd8 19. Nd4 Bg4 20. Rde1 c6 21. Bg2 h5 22. h3 Bd7 23. Ne4 h4 24. f5 Ne5 25. Ref1 Nxc4 26. Rf4 hxg3 27. Rh4+ Kg8 28. Nxg3 Ne3 29. Rg1 Nxf5 30. Ngxf5 Bxf5 31. Rh5 Bd7 32. Rg5 Re7 33. h4 Ne6 34. Nxe6 Bxe6 35. h5 Rf6 36. Be4 Kh8 37. Bd3 Bd7 38. Kb2 Be8 39. R1g3 Rh6 40. Rh3 Re5 41. Rxe5 dxe5 42. Be2 g6 43. Re3 gxh5 44. Rxe5 Bf7 45. Re7 Re6 46. Rxf7 Rxe2+ 47. Kb3 b5 48. Rxa7 h4 49. Rc7 Re6 50. c4 h3 51. Rf7 Re3+ 52. Kb4 Re4 53. Kc5 Rxc4+ 54. Kb6 h2 55. Rf1 Rc2 56. Rh1 Kg7 57. Ka5 Kg6 58. Kb4 Kg5 59. a4 bxa4 60. Kxa4 Kg4 61. Kb3 Rf2 62. Kc4 Kg3 63. Kc5 Kg2 0-1

[Event "Titled Tuesday intern op 16th Jan Late"]
[Site "Chess.com INT"]
[Date "2024.01.16"]
[Round "8"]
[White "Vlassov, Nikolai"]
[Black "Kovacevic, Radmila"]
[Result "1-0"]
[WhiteElo "2299"]
[BlackElo "2064"]
[PlyCount "129"]
[EventDate "2024.01.16"]
[EventType "swiss (blitz)"]
[EventRounds "11"]
[EventCountry "USA"]
[SourceTitle "CB04_2024"]
[SourceDate "2023.10.16"]
[SourceVersion "1"]
[SourceVersionDate "2023.10.16"]
[SourceQuality "1"]

1. e4 e5 2. Bc4 Nf6 3. d3 c6 4. Nf3 d5 5. Bb3 Bd6 6. Nc3 d4 7. Ne2 h6 8. c3 c5 9. 0-0 0-0 10. cxd4 cxd4 11. Ng3 Bg4 12. h3 Be6 13. Nh4 Qb6 14. Nhf5 Bxb3 15. axb3 Rd8 16. f4 Nbd7 17. Nxd6 Qxd6 18. Nf5 Qf8 19. fxe5 Nxe5 20. Nxh6+ gxh6 21. Rxf6 Rd6 22. Bxh6 Qd8 23. Rxd6 Qxd6 24. Bf4 Qf6 25. Bxe5 Qxe5 26. Qg4+ Kf8 27. Rf1 Rd8 28. Rf5 Qc7 29. Qh4 Qc1+ 30. Kh2 Qc7+ 31. e5 Rd5 32. Qh8+ Ke7 33. Qf6+ Ke8 34. h4 Qe7 35. Qxe7+ Kxe7 36. h5 Kf8 37. g4 Kg7 38. g5 b6 39. Kg3 Rb5 40. Kf4 Rxb3 41. h6+ Kg8 42. Ke4 Rxb2 43. Kxd4 a5 44. Kc3 Re2 45. d4 b5 46. e6 b4+ 47. Kd3 Rxe6 48. Rxa5 Rb6 49. Kc2 Kh7 50. Kb3 Kg6 51. Re5 Rd6 52. d5 Rb6 53. Re8 Kxg5 54. h7 Rh6 55. h8Q Rxh8 56. Rxh8 Kf5 57. Kxb4 Ke5 58. Kc5 f5 59. Re8+ Kf6 60. d6 f4 61. d7 f3 62. d8Q+ Kf5 63. Qd5+ Kg4 64. Rg8+ Kh3 65. Qxf3+ 1-0

[Event "BIH-chT (Women)"]
[Site "Sarajevo"]
[Date "2023.11.03"]
[Round "5.1"]
[White "Kovacevic, Radmila"]
[Black "Berke, Ana"]
[Result "1-0"]
[WhiteElo "2049"]
[BlackElo "2078"]
[PlyCount "93"]
[EventDate "2023.10.31"]
[EventType "team-tourn"]
[EventRounds "5"]
[EventCountry "BIH"]
[SourceTitle "Mega2024 Update 01"]
[Source "Chessbase"]
[SourceDate "2023.11.12"]
[SourceVersion "1"]
[SourceVersionDate "2023.11.12"]
[SourceQuality "1"]
[WhiteTeam "Busovaca Hrasno (W)"]
[BlackTeam "Sarajevo CC (W)"]
[WhiteTeamCountry "BIH"]
[BlackTeamCountry "BIH"]

1. e4 c5 2. Be2 e5 3. Bc4 Nc6 4. Nc3 Nf6 5. d3 Be7 6. f4 d6 7. Nd5 Nxd5 8. exd5 Nd4 9. c3 Nf5 10. Qa4+ Bd7 11. Bb5 h5 12. Nf3 f6 13. 0-0 g6 14. Bd2 Bxb5 15. Qxb5+ Qd7 16. a4 a6 17. Qc4 h4 18. Rfe1 exf4 19. Qxf4 0-0-0 20. b4 g5 21. Qg4 Rde8 22. Rab1 Bd8 23. b5 a5 24. b6 Rxe1+ 25. Nxe1 Re8 26. Nf3 Ne3 27. Qxd7+ Kxd7 28. c4 f5 29. Re1 f4 30. Bxe3 fxe3 31. h3 Bf6 32. g3 g4 33. Nxh4 Bxh4 34. gxh4 Rh8 35. hxg4 Rxh4 36. Rxe3 Rxg4+ 37. Kf2 Rh4 38. Rg3 Rh7 39. Rg8 Ke7 40. Ra8 Kf6 41. Rxa5 Ke5 42. Ra7 Kf4 43. a5 Rh2+ 44. Kg1 Ra2 45. Rxb7 Kg3 46. Rg7+ Kf3 47. b7 1-0

[Event "Titled Tuesday intern op 24th Oct Late"]
[Site "Chess.com INT"]
[Date "2023.10.24"]
[Round "10"]
[White "Kovacevic, Radmila"]
[Black "Reinecke, Katharina"]
[Result "1-0"]
[WhiteElo "2049"]
[BlackElo "1887"]
[PlyCount "85"]
[EventDate "2023.10.24"]
[EventType "swiss (blitz)"]
[EventRounds "11"]
[EventCountry "USA"]
[SourceTitle "Mega2024 Update 01"]
[Source "Chessbase"]
[SourceDate "2023.11.12"]
[SourceVersion "1"]
[SourceVersionDate "2023.11.12"]
[SourceQuality "1"]

1. e4 c6 2. Nf3 d5 3. exd5 cxd5 4. d4 Nc6 5. c3 Nf6 6. Bf4 Bg4 7. Qb3 Qc8 8. Ne5 Be6 9. Nd2 g6 10. h4 Bg7 11. Be2 Nxe5 12. dxe5 Nd7 13. Nf3 d4 14. c4 0-0 15. h5 Nc5 16. Qd1 d3 17. Bf1 Bxc4 18. Rc1 Bxa2 19. b4 Bb3 20. Qd2 Ne4 21. Rxc8 Nxd2 22. Rxf8+ Rxf8 23. Nxd2 Bc2 24. Rh3 f6 25. e6 Rd8 26. h6 Bf8 27. Be3 g5 28. f4 g4 29. Rh4 f5 30. Rh5 Rd5 31. g3 Rb5 32. Kf2 Rxb4 33. Rxf5 Bxh6 34. Rd5 b5 35. Bxd3 Bxd3 36. Rxd3 Rb2 37. Rd8+ Kg7 38. Bd4+ Kg6 39. Ke3 Rc2 40. Ne4 b4 41. Rg8+ Kh5 42. Rb8 a5 43. Rb5+ 1-0

[Event "Titled Tuesday intern op 24th Oct Late"]
[Site "Chess.com INT"]
[Date "2023.10.24"]
[Round "5"]
[White "Ohler, Julius"]
[Black "Kovacevic, Radmila"]
[Result "1-0"]
[WhiteElo "2273"]
[BlackElo "2049"]
[PlyCount "79"]
[EventDate "2023.10.24"]
[EventType "swiss (blitz)"]
[EventRounds "11"]
[EventCountry "USA"]
[SourceTitle "Mega2024 Update 01"]
[Source "Chessbase"]
[SourceDate "2023.11.12"]
[SourceVersion "1"]
[SourceVersionDate "2023.11.12"]
[SourceQuality "1"]

1. d4 d5 2. c4 dxc4 3. e4 e5 4. Nf3 exd4 5. Bxc4 Bc5 6. Nbd2 Qe7 7. 0-0 Nc6 8. Nb3 Bg4 9. h3 Bxf3 10. Qxf3 Ne5 11. Qe2 Bb6 12. a4 a6 13. a5 Ba7 14. Bf4 Nf6 15. Rfe1 0-0 16. Rad1 Rad8 17. Bxe5 Qxe5 18. Qd2 Nh5 19. Nc1 c6 20. Nd3 Qc7 21. Qg5 g6 22. f4 Kg7 23. e5 h6 24. Qg4 Qxa5 25. f5 b5 26. Bxf7 g5 27. Bxh5 c5 28. f6+ Kg8 29. Qf5 Qc7 30. Qg6+ Kh8 31. Qxh6+ Qh7 32. Qxh7+ Kxh7 33. Kh1 c4 34. Nb4 Kh6 35. Bf3 a5 36. Nc6 Bb6 37. Nxd8 Rxd8 38. e6 d3 39. e7 Ra8 40. Bxa8 1-0

[Event "Titled Tuesday intern op 12th Sep Late"]
[Site "Chess.com INT"]
[Date "2023.09.12"]
[Round "6"]
[White "Kovacevic, Radmila"]
[Black "Neklyudov, Viacheslav I"]
[Result "0-1"]
[WhiteElo "2058"]
[BlackElo "2432"]
[PlyCount "92"]
[EventDate "2023.09.12"]
[EventType "swiss (blitz)"]
[EventRounds "11"]
[EventCountry "USA"]
[SourceTitle "EXT 2024"]
[Source "ChessBase"]
[SourceDate "2023.10.10"]
[SourceVersion "1"]
[SourceVersionDate "2023.10.10"]
[SourceQuality "1"]

1. e4 c5 2. Nf3 Nc6 3. d4 cxd4 4. Nxd4 Nf6 5. Nc3 e5 6. Nb3 Bb4 7. Bd3 0-0 8. Bg5 Bxc3+ 9. bxc3 d6 10. 0-0 h6 11. Bh4 g5 12. Bg3 Be6 13. c4 Rc8 14. a3 Na5 15. Qe2 Nxc4 16. h4 Kg7 17. Rfd1 Qc7 18. Nd2 Nxd2 19. Qxd2 Kg6 20. f4 exf4 21. e5+ Kh5 22. exf6 fxg3 23. hxg5 hxg5 24. Rf1 Qc5+ 25. Kh1 Qe5 26. Rae1 Qd5 27. Rf3 g4 28. Rxg3 Rc4 29. Kg1 Qd4+ 30. Ree3 Ra4 31. Kf1 Qa1+ 32. Ke2 Rxa3 33. Re4 Ra4 34. Qf4 Rxe4+ 35. Qxe4 Qe5 36. Qxe5+ dxe5 37. Ke3 Kg5 38. Be2 Bf5 39. c3 Kxf6 40. Bxg4 Rg8 41. Kf3 Rxg4 42. Rxg4 Bxg4+ 43. Kxg4 a5 44. Kf3 a4 45. Ke3 a3 46. Kd2 a2 0-1

[Event "Titled Tuesday intern op 12th Sep Early"]
[Site "Chess.com INT"]
[Date "2023.09.12"]
[Round "9"]
[White "Kovacevic, Radmila"]
[Black "Tanwir, Furquan"]
[Result "1-0"]
[WhiteElo "2058"]
[BlackElo "1982"]
[PlyCount "68"]
[EventDate "2023.09.12"]
[EventType "swiss (blitz)"]
[EventRounds "11"]
[EventCountry "USA"]
[SourceTitle "EXT 2024"]
[Source "ChessBase"]
[SourceDate "2023.10.10"]
[SourceVersion "1"]
[SourceVersionDate "2023.10.10"]
[SourceQuality "1"]

1. e4 c6 2. Nf3 d5 3. exd5 cxd5 4. d4 Nc6 5. Bd3 Bg4 6. 0-0 e6 7. c3 Bd6 8. Qb3 Qd7 9. Ne5 Bxe5 10. dxe5 Nxe5 11. Bb5 Nc6 12. Qa4 Nf6 13. Bg5 Bf5 14. Bxf6 gxf6 15. Nd2 Rg8 16. Qh4 Qe7 17. Rfe1 a6 18. Bxc6+ bxc6 19. h3 Rg6 20. Re3 Kd7 21. Nb3 Rag8 22. g3 c5 23. Qa4+ Kd8 24. Qxa6 Bxh3 25. Qa8+ Kc7 26. Qa7+ Kd8 27. Qb8+ Kd7 28. Qb5+ Kd6 29. Qxc5+ Kd7 30. Qa7+ Ke8 31. Qa8+ Qd8 32. Qb7 h5 33. Rd1 Bg4 34. Rxd5 Qe7 1-0

[Event "Titled Tuesday intern op 15th Aug Late"]
[Site "Chess.com INT"]
[Date "2023.08.15"]
[Round "11"]
[White "Kovacevic, Radmila"]
[Black "Blackburn, Jonathan LB"]
[Result "0-1"]
[WhiteElo "2058"]
[BlackElo "2197"]
[PlyCount "100"]
[EventDate "2023.08.15"]
[EventType "swiss (blitz)"]
[EventRounds "11"]
[EventCountry "USA"]
[SourceTitle "EXT 2024"]
[Source "ChessBase"]
[SourceDate "2023.10.10"]
[SourceVersion "1"]
[SourceVersionDate "2023.10.10"]
[SourceQuality "1"]

1. e4 e6 2. d3 d5 3. Qe2 Nc6 4. Nf3 dxe4 5. dxe4 Nd4 6. Nxd4 Qxd4 7. c3 Qd8 8. Bf4 Bd7 9. Nd2 Qf6 10. Bxc7 Rc8 11. e5 Qg6 12. Ba5 Bc6 13. f3 b6 14. Bb4 Bxb4 15. cxb4 Ne7 16. Nc4 0-0 17. Nd6 Rcd8 18. b5 Ba8 19. Qd2 f6 20. Bd3 Qh5 21. 0-0-0 fxe5 22. Ne4 Bxe4 23. fxe4 Ng6 24. g3 Rd4 25. Qe3 Rc8+ 26. Kb1 Rcd8 27. h3 h6 28. Kc2 Rc8+ 29. Kb1 Rcd8 30. Kc2 Nf8 31. Be2 Qe8 32. Kb1 Qe7 33. Qc3 Rxe4 34. Bc4 Red4 35. Rde1 Qc5 36. b3 a6 37. a4 axb5 38. axb5 Ra8 39. Qb2 Kh7 40. Re2 Kh8 41. Rhe1 e4 42. Rxe4 Rxe4 43. Rxe4 Qg1+ 44. Qc1 Ra1+ 45. Kc2 Qxc1+ 46. Kd3 Qd1+ 47. Ke3 Qe1+ 48. Kf4 Qf2+ 49. Kg4 Qf5+ 50. Kh4 Qg5# 0-1

[Event "Titled Tuesday intern op 15th Aug Late"]
[Site "Chess.com INT"]
[Date "2023.08.15"]
[Round "1"]
[White "Kovacevic, Radmila"]
[Black "Grebeniuk, Semen"]
[Result "1-0"]
[WhiteElo "2058"]
[BlackElo "2315"]
[PlyCount "119"]
[EventDate "2023.08.15"]
[EventType "swiss (blitz)"]
[EventRounds "11"]
[EventCountry "USA"]
[SourceTitle "EXT 2024"]
[Source "ChessBase"]
[SourceDate "2023.10.10"]
[SourceVersion "1"]
[SourceVersionDate "2023.10.10"]
[SourceQuality "1"]

1. e4 c5 2. Nf3 Nc6 3. c3 Nf6 4. e5 Nd5 5. d4 cxd4 6. cxd4 g6 7. h4 h6 8. Qb3 e6 9. h5 g5 10. Bb5 Bg7 11. Nc3 Nxc3 12. bxc3 0-0 13. Nxg5 d6 14. Qc2 hxg5 15. h6 Bh8 16. Bd3 f5 17. exf6 Qxf6 18. Bh7+ Kf7 19. Rh5 Ke8 20. Bxg5 Nxd4 21. cxd4 Qxd4 22. Bg6+ Kd7 23. Rd1 Qc3+ 24. Kf1 Qxc2 25. Bxc2 b6 26. Ba4+ Kc7 27. Be7 Ba6+ 28. Kg1 Rad8 29. Rc1+ Kb8 30. h7 Bb7 31. Bxf8 Rxf8 32. Rg5 Bb2 33. Rg8 Rc8 34. Rcxc8+ Bxc8 35. Bd7 Kc7 36. Bxc8 d5 37. Bxe6 Kd6 38. Bf5 Ke5 39. Bd3 Kd4 40. Bb1 Kc5 41. Rg5 a5 42. Be4 Kb4 43. Bxd5 Ka3 44. Bg8 b5 45. Rxb5 Bc3 46. Rc5 Ba1 47. Rxa5+ Kb4 48. Rb5+ Ka3 49. Rb1 Bd4 50. Re1 Bf6 51. Re4 Bg7 52. Rh4 Bh8 53. Rh5 Ka4 54. g4 Ka3 55. Rf5 Ka4 56. g5 Ka3 57. g6 Ka4 58. Rf7 Ka3 59. g7 Bxg7 60. Rxg7 1-0

[Event "Titled Tuesday intern op 04th Jul Late"]
[Site "Chess.com INT"]
[Date "2023.07.04"]
[Round "1"]
[White "Besedes, Danilo"]
[Black "Kovacevic, Radmila"]
[Result "1-0"]
[WhiteElo "2287"]
[BlackElo "2117"]
[PlyCount "85"]
[EventDate "2023.07.04"]
[EventType "swiss (blitz)"]
[EventRounds "11"]
[EventCountry "USA"]
[SourceTitle "EXT 2024"]
[Source "ChessBase"]
[SourceDate "2023.10.10"]
[SourceVersion "1"]
[SourceVersionDate "2023.10.10"]
[SourceQuality "1"]

1. b3 e5 2. Bb2 Nc6 3. e3 Nf6 4. Bb5 d6 5. d4 Bd7 6. Nf3 e4 7. Nfd2 a6 8. Be2 b5 9. c4 Nb4 10. Nc3 Nd3+ 11. Bxd3 exd3 12. 0-0 b4 13. Nce4 Bf5 14. Ng3 Bg6 15. e4 h5 16. Re1 h4 17. Nf5 Qd7 18. Qf3 c6 19. Qxd3 Nh5 20. Qf3 Be7 21. Nxe7 Qxe7 22. e5 d5 23. cxd5 cxd5 24. Qxd5 0-0 25. Qf3 Rad8 26. d5 Qc5 27. d6 h3 28. g3 f6 29. exf6 Rxd6 30. Nc4 Rd3 31. Qg4 Be8 32. Rxe8 Rxe8 33. Qg6 Qc8 34. f7+ Kf8 35. fxe8Q+ Qxe8 36. Qxd3 Qc6 37. Qf5+ Kg8 38. f3 g6 39. Qe4 Qc5+ 40. Bd4 Qg5 41. Re1 Nxg3 42. Qe8+ Kh7 43. Qh8# 1-0

[Event "Titled Tuesday intern op 04th Jul Early"]
[Site "Chess.com INT"]
[Date "2023.07.04"]
[Round "3"]
[White "Kovacevic, Radmila"]
[Black "Akhmedinov, Satbek"]
[Result "0-1"]
[WhiteElo "2117"]
[BlackElo "1974"]
[PlyCount "108"]
[EventDate "2023.07.04"]
[EventType "swiss (blitz)"]
[EventRounds "11"]
[EventCountry "USA"]
[SourceTitle "EXT 2024"]
[Source "ChessBase"]
[SourceDate "2023.10.10"]
[SourceVersion "1"]
[SourceVersionDate "2023.10.10"]
[SourceQuality "1"]

1. e4 c5 2. Nf3 Nc6 3. d4 cxd4 4. Nxd4 Nf6 5. Nc3 e5 6. Nb3 Bb4 7. Bd3 d5 8. exd5 Qxd5 9. 0-0 Bxc3 10. bxc3 0-0 11. Bg5 e4 12. Bxf6 exd3 13. Bd4 dxc2 14. Qxc2 Bf5 15. Qb2 f6 16. Rad1 Rad8 17. h3 b6 18. Rd2 Qf7 19. Be3 Bd3 20. Rfd1 Ne5 21. Nd4 Nc4 22. Qb3 Nxd2 23. Qxf7+ Rxf7 24. Rxd2 Bc4 25. g4 Rc7 26. Kh2 Kf7 27. Kg3 a5 28. Bf4 Rcd7 29. Rb2 b5 30. Nc6 Ra8 31. Nd4 b4 32. Be3 bxc3 33. Rc2 Bd5 34. Rxc3 Bxa2 35. Ra3 Bc4 36. Nf5 g6 37. Nd4 a4 38. Nc6 Rc7 39. Nb4 Bb3 40. g5 Rc4 41. Nd3 Rc3 42. Nc5 fxg5 43. Ne4 Rc2 44. Nxg5+ Kg8 45. Kf4 Ra2 46. Rxa2 Bxa2 47. Ke5 a3 48. Kf6 Bd5 49. Ke5 a2 50. Bd4 a1Q 51. Bxa1 Rxa1 52. Kxd5 Ra5+ 53. Ke6 Rxg5 54. f4 Rf5 0-1

[Event "Titled Tuesday intern op 04th Jul Late"]
[Site "Chess.com INT"]
[Date "2023.07.04"]
[Round "2"]
[White "Kovacevic, Radmila"]
[Black "Gallasch, Jonas"]
[Result "1-0"]
[WhiteElo "2117"]
[BlackElo "2300"]
[PlyCount "71"]
[EventDate "2023.07.04"]
[EventType "swiss (blitz)"]
[EventRounds "11"]
[EventCountry "USA"]
[SourceTitle "EXT 2024"]
[Source "ChessBase"]
[SourceDate "2023.10.10"]
[SourceVersion "1"]
[SourceVersionDate "2023.10.10"]
[SourceQuality "1"]

1. e4 c5 2. Nf3 Nc6 3. Bc4 g6 4. c3 Bg7 5. d4 cxd4 6. cxd4 d6 7. d5 Ne5 8. Bb3 Bg4 9. h3 Nxf3+ 10. gxf3 Bd7 11. f4 Qb6 12. Be3 Qb4+ 13. Nc3 Bxc3+ 14. bxc3 Qxe4 15. 0-0 Nh6 16. Bc2 Qc4 17. Bd4 0-0 18. Bb3 Qc8 19. h4 Bh3 20. Re1 Re8 21. Re3 Bg4 22. f3 Bd7 23. Bc2 b5 24. Rb1 a6 25. h5 Bf5 26. hxg6 fxg6 27. Rb2 Bxc2 28. Rxc2 Qf5 29. Rh2 Nf7 30. Re6 h5 31. Qe1 Kf8 32. Qg3 Nh6 33. Rxg6 Qb1+ 34. Kg2 Kf7 35. Rg7+ Kf8 36. Qg6 1-0

[Event "Titled Tuesday intern op 04th Jul Late"]
[Site "Chess.com INT"]
[Date "2023.07.04"]
[Round "9"]
[White "Kovacevic, Radmila"]
[Black "Prydun, Andriy"]
[Result "0-1"]
[WhiteElo "2117"]
[BlackElo "2134"]
[PlyCount "118"]
[EventDate "2023.07.04"]
[EventType "swiss (blitz)"]
[EventRounds "11"]
[EventCountry "USA"]
[SourceTitle "EXT 2024"]
[Source "ChessBase"]
[SourceDate "2023.10.10"]
[SourceVersion "1"]
[SourceVersionDate "2023.10.10"]
[SourceQuality "1"]

1. e4 c5 2. Nf3 d6 3. d4 cxd4 4. Nxd4 Nf6 5. Nc3 g6 6. Bd3 Bg7 7. h3 Nc6 8. Nb3 Ne5 9. f4 Nxd3+ 10. cxd3 0-0 11. g4 b6 12. 0-0 Bb7 13. Kh2 Rc8 14. Be3 a6 15. Qe2 b5 16. Rad1 Nd7 17. d4 b4 18. Nb1 Bxe4 19. Qxa6 Ra8 20. Qb5 Rxa2 21. Qxb4 Rxb2+ 22. N1d2 Bc2 23. Qc3 Rxb3 24. Nxb3 Bxd1 25. Rxd1 Nf6 26. Qc4 Qa8 27. d5 Rc8 28. Qd3 Rc3 29. Qxc3 Nxg4+ 30. hxg4 Bxc3 31. Rd3 Bg7 32. Nd2 h6 33. Kg3 Qa4 34. Rb3 Kh7 35. Rb7 Qa3 36. Kf3 Bd4 37. Nc4 Qd3 38. Rc7 h5 39. gxh5 gxh5 40. Kf2 h4 41. Bxd4 Qxd4+ 42. Kf3 Qxd5+ 43. Kg4 Qe6+ 44. Kxh4 f5 45. Kg3 Kg7 46. Kf3 Kf6 47. Ne3 Qe4+ 48. Ke2 Qd4 49. Kf3 Qd3 50. Kf2 e5 51. fxe5+ dxe5 52. Rc6+ Kg5 53. Rc5 Qd4 54. Ra5 f4 55. Ra3 fxe3+ 56. Rxe3 Kf4 57. Kf1 Qxe3 58. Kg2 Qf3+ 59. Kh2 e4 0-1